Las aventuras de Nigel / (Record no. 165034)

MARC details
000 -LEADER
campo de control de longitud fija 00728nam a22002175i 4500
001 - NÚMERO DE CONTROL
campo de control 165034
003 - IDENTIFICADOR DE NÚMERO DE CONTROL
campo de control ES-MaACL
005 - FECHA Y HORA DE LA ÚLTIMA TRANSACCIÓN
campo de control 20251003063147.0
008 - DATOS DE LONGITUD FIJA--INFORMACIÓN GENERAL
campo de control de longitud fija 950206s1845 sp |||| | spa d
040 ## - FUENTE DE CATALOGACIÓN
Centro catalogador/agencia de origen CLM
100 1# - ENTRADA PRINCIPAL--NOMBRE DE PERSONA
Nombre de persona Scott, Walter,
Títulos y otros términos asociados al nombre Sir,
Fechas asociadas al nombre 1771-1832
9 (RLIN) 104957
245 14 - MENCIÓN DEL TÍTULO
Título Las aventuras de Nigel /
Mención de responsabilidad, etc. por Walter Scott.
260 ## - PUBLICACIÓN, DISTRIBUCIÓN, ETC.
Lugar de publicación, distribución, etc. Madrid :
Nombre del editor, distribuidor, etc. Establecimiento Tipográfico de D.F. de P. Mellado, Editor,
Fecha de publicación, distribución, etc. 1845.
300 ## - DESCRIPCIÓN FÍSICA
Extensión 2 v.(XXXIX, 352 ; 328 p.) ;
Dimensiones 17 cm.
490 1# - MENCIÓN DE SERIE
Mención de serie Biblioteca Popular ;
Designación de volumen o secuencia 264
597 #1 - NOTA DE DESCRIPCIÓN FÍSICA
NOTA DE DESCRIPCIÓN FÍSICA Antep.
752 ## - ENTRADA AGREGADA--NOMBRE JERÁRQUICO DEL LUGAR
País o entidad superior España -
Ciudad Madrid
830 0# - PUNTO DE ACCESO ADICIONAL DE SERIE-TÍTULO UNIFORME
Título uniforme Biblioteca Popular ;
Designación de volumen o secuencia 264
9 (RLIN) 181768
852 ## - LOCALIZACIÓN
Ubicación ES-MaACL
Número de control de estantería D-1606
Nota libre -- Enc. hol.
-- -- Enc. 2 t. en 1 v.
Holdings
Estatus retirado Estado de pérdida Estado de daño No para préstamo Colección Biblioteca de origen Biblioteca actual Ubicación en estantería Fecha de adquisición Fuente de adquisición Total de préstamos Signatura topográfica completa Código de barras Visto por última vez Precio de reemplazo Tipo de ítem Koha
        Libros del s. XIX Biblioteca del Ateneo de Madrid Biblioteca del Ateneo de Madrid Sala Valle Inclán 17/01/2008     D-1606 901173004 23/02/2023 23/02/2023 Libro impreso antiguo